<La> querelle sur la propriété des immeubles et des terrains dans l'ancienne RDA.

Zjednotené Nemecko stojí pred obrovským problémom, ako vyriešiť spory o nemovitosti bývalej NDR, no najmä socialistickú agrárnu reformu. Len v Berlíne je 200 tis. žiadostí o reštitúciu nemovitostí. Problémy s malými a strednými podnikmi pracujúcimi na svojom. (Rheinische Post 1990, 15.12. La Tribune...

Ausführliche Beschreibung

Gespeichert in:
Bibliographische Detailangaben
1. Verfasser: Kern, W.
Format: Buchkapitel
Sprache:Französisch
Schlagworte:
Tags: Tag hinzufügen
Keine Tags, Fügen Sie das erste Tag hinzu!

MARC

LEADER 00000naa a2200000 4500
001 r004013
005 20221125091652.0
041 0 |a fre 
044 |a FR 
245 1 0 |a <La> querelle sur la propriété des immeubles et des terrains dans l'ancienne RDA.  |c W. Kern 
520 |a Zjednotené Nemecko stojí pred obrovským problémom, ako vyriešiť spory o nemovitosti bývalej NDR, no najmä socialistickú agrárnu reformu. Len v Berlíne je 200 tis. žiadostí o reštitúciu nemovitostí. Problémy s malými a strednými podnikmi pracujúcimi na svojom. (Rheinische Post 1990, 15.12. La Tribune Allemagne 1991, 6.1.). 
610 2 0 |a nehnuteľnosti 
610 2 0 |a NDR 
610 2 0 |a náhrada škody 
610 2 0 |a pozemky 
610 2 0 |a vlastníctvo súkromné 
610 2 0 |a podnik malý 
610 2 0 |a podnik stredný 
100 1 |a Kern, W.